Guía de 12 puntos para la formación y la educación en derechos humanos de los funcionarios del Estado
Збережено в:
| Формат: | Текст |
|---|---|
| Предмети: | |
| Теги: |
Додати тег
Немає тегів, Будьте першим, хто поставить тег для цього запису!
|
MARC
| LEADER | 00000 a a2200000 04500 | ||
|---|---|---|---|
| 001 | 2146 | ||
| 003 | |||
| 040 | |||
| 245 | |a Guía de 12 puntos para la formación y la educación en derechos humanos de los funcionarios del Estado | ||
| 650 | |a ESTADO | ||
| 650 | |a DERECHOS HUMANOS | ||
| 650 | |a CAPACITACION | ||
| 650 | |a ESTADO | ||
| 650 | |a EDUCACION | ||
| 650 | |a PROYECTO DE DESARROLLO | ||
| 650 | |a ORGANIZACIONES INTERNACIONALES | ||
| 773 | |g número 47; páginas 35-40 | ||
| 999 | |c 32964 |d 32964 | ||
